000 00620nam a2200229Ia 4500
003 OSt
005 20220912151547.0
006 a|||||r|||| 00| 0
007 ta
008 220909b |||||||| |||| 00| 0 eng d
024 _a38257
037 _cTextual
040 _aCSL
_beng
_cCSL
041 _aeng
082 _aD65,8(B)92F77, N0
100 _aHerbst Robert taylor
245 0 _aSoftware design using fortran 77
260 _aEnglewood
_bCliffs Prentice-Hall
_c1990
300 _a364p.
_ccm.
942 _hD65,8(B)92F77, N0
_cTEXL
_2CC
999 _c71367
_d71367